Personnages Univers Picsou - Statistiques

Statistiques générales
  • Ce quiz a été pris 355 fois
  • Le résultat moyen est 17 sur 59
Statistiques - réponses
Hint Réponse % Correct
Famille Duck Donald Duck
98%
Famille Duck Fifi Duck
96%
Famille Duck Loulou Duck
96%
Famille Duck Riri Duck
95%
Famille Duck Daisy Duck
88%
Famille Trouvetou Géo Trouvetou
88%
Famille Bonheur Gontran Bonheur
88%
Ennemis Archibald Gripsou
65%
Famille (Mc)Picsou Balthazar Picsou
64%
Famille Glouton Gus Glouton
64%
Identités secrètes et Superhéros Fantomiald
61%
Ennemis Miss Tick
60%
Ennemis Crésus Flairsou
54%
Famille Ecoutum Cornelius Ecoutum
50%
Famille (Mc)Picsou Hortense Picsou
38%
Famille Duck Popop Duck
33%
Ennemis Rapetou
32%
Famille Duck Della Duck
31%
Famille Ecoutum Elvire Ecoutum
31%
Amis/Connaissances Filament
24%
Famille Rapetou Gracié
24%
Famille (Mc)Picsou John Picsou
21%
Famille (Mc)Picsou Fergus Picsou
20%
Famille (Mc)Picsou Duncan Picsou
17%
Famille Rapetou 176-167
16%
Famille Rapetou 176-671
16%
Famille Rapetou 176-761
15%
Famille (Mc)Picsou Jack Picsou
15%
Famille Duck Rodolphe Duck
15%
Famille Ecoutum Clinton Ecoutum
14%
Famille Trouvetou Gregoire Trouvetou
14%
Famille Bonheur Gustave Bonheur
14%
Famille Duck Daphnée Duck
13%
Famille Glouton Luc Glouton
13%
Famille Duck Barnabé Duck
12%
Identités secrètes et Superhéros Fantomius
12%
Famille Ecoutum Jules Ecoutum
12%
Famille (Mc)Picsou Edward Picsou
11%
Identités secrètes et Superhéros Fantomialde
11%
Famille Duck Abner Duck
10%
Famille (Mc)Picsou Kenneth Picsou
10%
Amis/Connaissances Miss Frappe
10%
Famille (Mc)Picsou William Picsou
10%
Famille Ecoutum Fanny Ecoutum
9%
Famille (Mc)Picsou Francis Picsou
9%
Famille Ecoutum Herbert Ecoutum
9%
Famille Duck Joseph Duck
9%
Famille Duck Mathurin Duck
9%
Famille (Mc)Picsou Matilda Picsou
9%
Famille Trouvetou Albert Trouvetou
8%
Famille Trouvetou Fulton Trouvetou
8%
Famille (Mc)Picsou Quinquagésime Picsou
8%
Amis/Connaissances Achille Lagrogne
7%
Famille (Mc)Picsou Emeric Picsou
7%
Amis/Connaissances Baptiste
5%
Amis/Connaissances Donald Dingue
5%
Identités secrètes et Superhéros Dolly Paprika
2%
Famille (Mc)Picsou Wilfred Picsou
1%
Famille (Mc)Picsou Willis Picsou
0%
Aucun quiz correspondant
Distribution des résultats
% des personnes avec chaque résultat
Percentile par nombre de réponses
Votre historique - résultats
Vous n’avez pas pris ce quiz